[Event "SR 4. liga A21 2015/2016"]
[Site "?"]
[Date "2015.10.18"]
[Round "2.3"]
[White "Drozd, Jan"]
[Black "Orvisky, Vladimir"]
[Result "1-0"]
[WhiteElo "1514"]
[BlackElo "1789"]
[PlyCount "99"]
[EventDate "2015.??.??"]

1. e4 Nf6 2. Nc3 e5 3. Nf3 d6 4. d4 exd4 5. Qxd4 Nc6 6. Bb5 Bd7 7. Bxc6 Bxc6 8.
Bg5 Be7 9. O-O-O Qd7 10. Nd5 Bxd5 11. exd5 h6 12. Bxf6 Bxf6 13. Rhe1+ Kd8 14.
Qd3 Qa4 15. Kb1 Re8 16. Rxe8+ Kxe8 17. Re1+ Kf8 18. Qe4 Qd7 19. Qh7 g6 20.
Qxh6+ Bg7 21. Qe3 Qb5 22. Qb3 Qxb3 23. axb3 Re8 24. Rxe8+ Kxe8 25. c4 Ke7 26.
Kc2 c6 27. dxc6 bxc6 28. b4 a6 29. b3 Ke6 30. Kd3 Be5 31. Nd4+ Kd7 32. g3 f5
33. f4 Bf6 34. h3 Bxd4 35. Kxd4 Ke6 36. g4 Kf6 37. b5 axb5 38. cxb5 Ke6 39.
bxc6 fxg4 40. hxg4 d5 41. b4 Kd6 42. b5 Kc7 43. Kxd5 g5 44. fxg5 Kb6 45. Kd6
Ka7 46. Kd7 Kb6 47. c7 Ka7 48. c8=Q Kb6 49. Qc7+ Kxb5 50. g6 1-0

[Event "SR 4. liga A21 2015/2016"]
[Site "?"]
[Date "2015.10.18"]
[Round "2.3"]
[White "Lajda, Dusan"]
[Black "Hrdlicka, Martin"]
[Result "1-0"]
[WhiteElo "1795"]
[BlackElo "1370"]
[PlyCount "61"]
[EventDate "2015.??.??"]

1. e4 e5 2. Nf3 Nc6 3. Bc4 Bc5 4. b4 Bxb4 5. c3 Ba5 6. d4 exd4 7. O-O Nge7 8.
Ng5 Ne5 9. Nxf7 Nxf7 10. Bxf7+ Kxf7 11. Qh5+ Ng6 12. Qxa5 dxc3 13. Qd5+ Ke8 14.
Nxc3 Qe7 15. Nb5 d6 16. Bg5 Qd7 17. Rac1 c6 18. Nxd6+ Kf8 19. Qc5 Ne7 20. Nf5
Kf7 21. Bxe7 g6 22. Nd6+ Kxe7 23. Nxc8+ Ke6 24. Rcd1 Qxc8 25. Rd6+ Kf7 26. Rfd1
Kg7 27. Rd7+ Kh6 28. h4 Qd8 29. Qe3+ g5 30. Rxd8 Raxd8 31. Qxg5# 1-0

[Event "SR 4. liga A21 2015/2016"]
[Site "?"]
[Date "2015.10.18"]
[Round "2.3"]
[White "Kaufman, Robert"]
[Black "Krchnak, Rudolf"]
[Result "0-1"]
[WhiteElo "1256"]
[BlackElo "1795"]
[PlyCount "78"]
[EventDate "2015.??.??"]

1. e4 d6 2. d4 Nf6 3. Nc3 c6 4. Bc4 b5 5. Bb3 a5 6. e5 dxe5 7. dxe5 Qxd1+ 8.
Nxd1 Ng4 9. a4 Nxe5 10. axb5 cxb5 11. Bd5 Nec6 12. Bf4 e6 13. Bf3 Bb7 14. c3
Be7 15. Bxb8 Rxb8 16. Ne2 a4 17. O-O O-O 18. Bxc6 Bxc6 19. Nd4 Bd7 20. Ne3 Rfd8
21. Ng4 Be8 22. Ne5 Rb6 23. Nd3 Bf6 24. Nc5 Bxd4 25. cxd4 Rxd4 26. Rfd1 Rbd6
27. Rdc1 Rc6 28. Nb7 Rxc1+ 29. Rxc1 Kf8 30. h3 Ke7 31. g4 h6 32. Kg2 Rc4 33.
Rxc4 bxc4 34. Na5 Bb5 35. Kf3 Kd7 36. Nb7 Bc6+ 37. Ke3 Bxb7 38. Kd4 Bd5 39. Kc5
c3 0-1

[Event "SR 4. liga A21 2015/2016"]
[Site "?"]
[Date "2015.10.18"]
[Round "2.4"]
[White "Lanik, Miroslav"]
[Black "Zlamal, Marek"]
[Result "1/2-1/2"]
[WhiteElo "1906"]
[BlackElo "1697"]
[PlyCount "29"]
[EventDate "2015.??.??"]

1. e4 c5 2. Nf3 Nc6 3. d4 cxd4 4. Nxd4 e5 5. Nb5 a6 6. Nd6+ Bxd6 7. Qxd6 Qf6 8.
Qd1 Nge7 9. Nc3 O-O 10. Be3 b5 11. Be2 d6 12. O-O Rb8 13. f4 exf4 14. Bxf4 Ne5
15. Be3 1/2-1/2

[Event "SR 4. liga A21 2015/2016"]
[Site "?"]
[Date "2015.10.18"]
[Round "2.4"]
[White "Bartos, Bohumil"]
[Black "Palka, Miroslav"]
[Result "0-1"]
[WhiteElo "1675"]
[BlackElo "1900"]
[PlyCount "68"]
[EventDate "2015.??.??"]

1. d4 d5 2. c4 e6 3. Nc3 Nf6 4. Bg5 Nbd7 5. cxd5 exd5 6. Nf3 c6 7. e3 Be7 8.
Bd3 h6 9. Bh4 O-O 10. O-O Re8 11. Qc2 Ne4 12. Bxe7 Qxe7 13. Nd2 Ndf6 14. Rfe1
Nxc3 15. bxc3 b5 16. Nb3 Qd6 17. h3 Be6 18. Nc5 Nd7 19. Nxd7 Qxd7 20. a4 a6 21.
Ra2 Rac8 22. Rea1 Rc7 23. axb5 axb5 24. Ra5 Qc8 25. Qb3 g6 26. Qa3 Kg7 27. Qc5
Qd7 28. Ra6 Rb8 29. Ra7 Rbc8 30. Rxc7 Rxc7 31. Ra8 Qe7 32. Qxe7 Rxe7 33. Rb8
Ra7 34. Kf1 Ra3 0-1

[Event "SR 4. liga A21 2015/2016"]
[Site "?"]
[Date "2015.10.18"]
[Round "2.4"]
[White "Huska, Branislav"]
[Black "Danihel, Jozef"]
[Result "1/2-1/2"]
[WhiteElo "1766"]
[BlackElo "1589"]
[PlyCount "25"]
[EventDate "2015.??.??"]

1. e4 d5 2. exd5 Nf6 3. Nf3 Nxd5 4. d4 Bg4 5. Be2 e6 6. c4 Nb6 7. Nc3 Nc6 8. a3
Bxf3 9. Bxf3 Be7 10. Be3 O-O 11. b3 Rb8 12. Bxc6 bxc6 13. Qe2 1/2-1/2

[Event "SR 4. liga A21 2015/2016"]
[Site "?"]
[Date "2015.10.18"]
[Round "2.4"]
[White "Baumgartner, Milan"]
[Black "Barcaj, Jaroslav"]
[Result "0-1"]
[WhiteElo "1563"]
[BlackElo "1620"]
[PlyCount "52"]
[EventDate "2015.??.??"]

1. a3 Nf6 2. d4 d5 3. Bg5 Ne4 4. Bh4 g5 5. Bg3 Bg7 6. f3 Nxg3 7. hxg3 Nc6 8. e3
Qd6 9. Kf2 e5 10. Bb5 Bd7 11. Bxc6 Bxc6 12. Ne2 f5 13. Nbc3 O-O-O 14. b4 a6 15.
Rb1 b5 16. a4 Rde8 17. axb5 axb5 18. dxe5 Qxe5 19. Qd3 f4 20. Nxb5 Bxb5 21.
Qxb5 Qxe3+ 22. Kf1 Re6 23. gxf4 gxf4 24. Rb3 Qd2 25. Rd3 Qxe2+ 26. Kg1 Qe1+ 0-1

[Event "SR 4. liga A21 2015/2016"]
[Site "?"]
[Date "2015.10.18"]
[Round "2.4"]
[White "Bendzela, Tibor"]
[Black "Davidik, Miroslav"]
[Result "1/2-1/2"]
[WhiteElo "1536"]
[BlackElo "1412"]
[PlyCount "65"]
[EventDate "2015.??.??"]

1. e4 d5 2. exd5 Qxd5 3. Nc3 Qa5 4. d4 Bf5 5. h3 e6 6. Nf3 h6 7. Bd3 Bxd3 8.
Qxd3 Nf6 9. Be3 Bd6 10. O-O O-O 11. a3 c6 12. b4 Qc7 13. b5 Nd5 14. Nxd5 cxd5
15. Rfd1 Qc4 16. Qxc4 dxc4 17. c3 Nd7 18. Rdc1 Nf6 19. a4 Nd5 20. a5 f6 21. Nd2
f5 22. Nf1 f4 23. Bd2 g5 24. Re1 Kf7 25. f3 Rg8 26. Nh2 h5 27. Kh1 Rg6 28. Ra4
Kf6 29. Re4 Kf5 30. Re1 Kf6 31. Re4 Kf5 32. Re1 Kf6 33. Re4 1/2-1/2

[Event "SR 4. liga A21 2015/2016"]
[Site "?"]
[Date "2015.10.18"]
[Round "2.5"]
[White "Podjavorinsky, Michal"]
[Black "Curidlo, Jan"]
[Result "1/2-1/2"]
[WhiteElo "1819"]
[BlackElo "1879"]
[PlyCount "79"]
[EventDate "2015.??.??"]

1. e4 c5 2. Nc3 d6 3. g3 g6 4. Bg2 Bg7 5. d3 Nc6 6. Be3 a6 7. Qd2 Nf6 8. Bh6
O-O 9. Bxg7 Kxg7 10. Nge2 e5 11. O-O b5 12. f4 Nd4 13. Nd1 Bg4 14. Nc1 Rc8 15.
c3 Nc6 16. f5 Bxd1 17. Qxd1 d5 18. exd5 Nxd5 19. Bxd5 Qxd5 20. f6+ Kh8 21. Qg4
Rce8 22. Qg5 Qd7 23. g4 e4 24. Qh6 Qxg4+ 25. Kh1 Rg8 26. Rf4 Qh5 27. Qxh5 gxh5
28. Rxe4 Rxe4 29. dxe4 Rg4 30. Nd3 Rxe4 31. Nxc5 Rf4 32. Nxa6 Rxf6 33. Nc7 Rf2
34. Nxb5 Rxb2 35. a4 Na5 36. Rg1 Rf2 37. Rg5 Nc4 38. Kg1 Ra2 39. Rxh5 Rxa4 40.
Rc5 1/2-1/2

[Event "SR 4. liga A21 2015/2016"]
[Site "?"]
[Date "2015.10.18"]
[Round "2.5"]
[White "Bardik, Jozef"]
[Black "Miciak, Emanuel"]
[Result "0-1"]
[WhiteElo "1877"]
[BlackElo "1845"]
[PlyCount "118"]
[EventDate "2015.??.??"]

1. d4 Nf6 2. c4 g6 3. Nc3 Bg7 4. e4 d6 5. f4 O-O 6. Nf3 c5 7. d5 e6 8. Be2 exd5
9. exd5 Re8 10. O-O Ng4 11. h3 Ne3 12. Bxe3 Rxe3 13. Qd2 Re8 14. Rae1 Nd7 15.
Bd3 Rxe1 16. Rxe1 Nf6 17. Ne4 Nxe4 18. Bxe4 Bd7 19. b3 b5 20. Bd3 bxc4 21. Bxc4
Qf6 22. Kh2 Bh6 23. Ng5 a5 24. g3 a4 25. Ne4 Qf5 26. Bf1 axb3 27. axb3 Rd8 28.
Nxd6 Qf6 29. Ne4 Qb6 30. Bc4 Bg7 31. Ng5 Re8 32. Rxe8+ Bxe8 33. Qe3 Qd8 34.
Qxc5 Bf8 35. Qf2 Qa5 36. Qe2 Qd8 37. Qd2 Qf6 38. Qe2 Qd8 39. Nf3 Bd6 40. Nd4
Bd7 41. Bb5 Qf6 42. Qf2 Bc5 43. Bxd7 Bxd4 44. Qg2 Bc5 45. Bb5 h5 46. h4 Qd4 47.
Bc4 Kg7 48. Kh3 Bd6 49. Qf1 Qe4 50. Kh2 Qe3 51. Qe2 Qc3 52. Kg2 Qd4 53. Kf3 Qg1
54. Qe3 Qh1+ 55. Ke2 Bb4 56. Qe5+ Kh7 57. d6 Qg2+ 58. Ke3 Qxg3+ 59. Kd4 Bc3+
0-1

[Event "SR 4. liga A21 2015/2016"]
[Site "?"]
[Date "2015.10.18"]
[Round "2.5"]
[White "Podjavorinsky, Peter"]
[Black "Nedorost, Lubomir"]
[Result "1-0"]
[WhiteElo "1681"]
[BlackElo "1789"]
[PlyCount "93"]
[EventDate "2015.??.??"]

1. e4 c5 2. Bc4 Nc6 3. Nf3 d6 4. d4 cxd4 5. Nxd4 Nf6 6. Nc3 g6 7. O-O Bg7 8.
Nf3 O-O 9. h3 Na5 10. Bd3 b6 11. Rb1 Bb7 12. Nh2 Rc8 13. Bd2 Nc4 14. f4 Nxd2
15. Qxd2 e6 16. f5 gxf5 17. exf5 e5 18. Qg5 Kh8 19. Ng4 Rg8 20. Qh4 Bf8 21. Ne3
d5 22. Ncxd5 Bxd5 23. Nxd5 Nxd5 24. f6 Rg6 25. Bxg6 fxg6 26. Qe4 Nxf6 27. Qxe5
Bg7 28. Rbd1 Qe8 29. Qd6 Ne4 30. Qd7 Qxd7 31. Rxd7 h6 32. c3 a6 33. Rff7 Rg8
34. Ra7 a5 35. Rfd7 Nc5 36. Rf7 Na4 37. b4 Nxc3 38. bxa5 b5 39. Kf1 Nxa2 40.
Rxg7 Rxg7 41. Rxg7 Kxg7 42. a6 b4 43. a7 Kf6 44. a8=Q Nc3 45. Qf8+ Kg5 46. Qxb4
Nd1 47. Qd2+ 1-0

[Event "SR 4. liga A21 2015/2016"]
[Site "?"]
[Date "2015.10.18"]
[Round "2.5"]
[White "Musaev, Matej Elbek"]
[Black "Madzo, Anton"]
[Result "0-1"]
[WhiteElo "1392"]
[BlackElo "1516"]
[PlyCount "120"]
[EventDate "2015.??.??"]

1. e4 e6 2. d4 d6 3. Nf3 Be7 4. Bf4 b6 5. c4 Bb7 6. Nc3 h6 7. Bd3 Nf6 8. Qd2
Nc6 9. a3 Na5 10. Qc2 Nd7 11. b4 Nc6 12. O-O g5 13. Bg3 g4 14. Nd2 Nxd4 15. Qb2
Bf6 16. Kh1 Ne5 17. Bxe5 Bxe5 18. f4 gxf3 19. Nxf3 Nxf3 20. Rxf3 Rg8 21. Raf1
Rg7 22. Bc2 Qg5 23. Ba4+ Ke7 24. Qf2 f5 25. c5 Rag8 26. g3 Bxc3 27. cxd6+ cxd6
28. Rxc3 Bxe4+ 29. Kg1 Qh5 30. Rfc1 e5 31. Bb3 Rd8 32. Rc7+ Rd7 33. Rxd7+ Kxd7
34. Bc2 Qf3 35. Ba4+ Kd8 36. Qxf3 Bxf3 37. Kf2 Be4 38. Rd1 Rg6 39. Ke3 d5 40.
Bb3 d4+ 41. Ke2 Rc6 42. Ba4 Rc3 43. Ra1 Bc6 44. Bxc6 Rxc6 45. Rf1 Rf6 46. g4 f4
47. Kd3 Kd7 48. Ke4 Kd6 49. Rf3 Ke6 50. h3 Rf7 51. Rd3 Rc7 52. Rf3 Rc3 53. h4
Rxf3 54. Kxf3 d3 55. Kf2 b5 56. Ke1 e4 57. Kd2 Kf6 58. Ke1 e3 59. Kd1 f3 60.
Ke1 d2+ 0-1

[Event "SR 4. liga A21 2015/2016"]
[Site "?"]
[Date "2015.10.18"]
[Round "2.5"]
[White "Kosinar, Oto"]
[Black "Musaev, Urmat"]
[Result "0-1"]
[WhiteElo "1000"]
[BlackElo "1000"]
[PlyCount "60"]
[EventDate "2015.??.??"]

1. e4 e5 2. Nf3 Nc6 3. Bc4 Bc5 4. Nc3 d6 5. d3 Bg4 6. h3 Bh5 7. Be3 Nd4 8. Bxd4
Bxd4 9. Qd2 Bxf3 10. gxf3 Qf6 11. Nd5 Qd8 12. O-O-O c6 13. Nc3 b5 14. Bb3 a5
15. a4 Rb8 16. axb5 cxb5 17. Nxb5 Ne7 18. Nxd4 exd4 19. Ba4+ Kf8 20. b3 Qc7 21.
Rhg1 f6 22. f4 Qc5 23. Kb2 Kf7 24. Qe2 Qc3+ 25. Ka2 Rhc8 26. Rc1 Nc6 27. f5 Rb4
28. Qe1 Rxa4+ 29. bxa4 Nb4+ 30. Kb1 Qa3 0-1

[Event "SR 4. liga A21 2015/2016"]
[Site "?"]
[Date "2015.10.18"]
[Round "2.6"]
[White "Jozefovic, Milan"]
[Black "Slaby, Jozef"]
[Result "1-0"]
[WhiteElo "1880"]
[BlackElo "1825"]
[PlyCount "181"]
[EventDate "2015.??.??"]

1. e4 c6 2. Nf3 d5 3. d3 d4 4. e5 e6 5. Nbd2 c5 6. Ne4 h6 7. Bd2 Nc6 8. Be2 Qc7
9. Bf4 b6 10. O-O Nge7 11. Nd6+ Kd7 12. Nxf7 Rg8 13. Nd6 g5 14. Bg3 Bg7 15.
Nxc8 Raxc8 16. c3 Nf5 17. cxd4 Ncxd4 18. Nxd4 Nxd4 19. Bg4 Rcf8 20. Qa4+ Ke7
21. Rac1 Rc8 22. b4 Rgd8 23. bxc5 bxc5 24. f4 Rb8 25. Qc4 Rb2 26. Bf2 Qc6 27.
Bf3 Nxf3+ 28. gxf3 Rd5 29. Bxc5+ Kd7 30. Bxa7 Qxc4 31. dxc4 Rdd2 32. Rf2 gxf4
33. Rxd2+ Rxd2 34. Bb8 Rxa2 35. c5 Ra8 36. Bd6 Ke8 37. Rc4 Ra1+ 38. Kg2 Re1 39.
Rxf4 Bxe5 40. Rf8+ Kd7 41. Rf7+ Kc6 42. Rc7+ Kd5 43. Bxe5 Rxe5 44. Rc8 h5 45.
Kg3 Re2 46. h3 Re3 47. Kf4 Re1 48. c6 Kd6 49. c7 Kd7 50. Rh8 Kxc7 51. Rxh5 Kd6
52. Ra5 Rh1 53. Rh5 Re1 54. Rh6 Ke7 55. Rg6 Kf7 56. Rg5 Kf6 57. Rg3 Rb1 58. Rg2
Rb4+ 59. Kg3 e5 60. h4 Kg6 61. Kh3+ Kh6 62. Rg5 Rb5 63. Kg4 Ra5 64. Rf5 Kg6 65.
h5+ Kh6 66. f4 Ra1 67. Rxe5 Rg1+ 68. Kf3 Rf1+ 69. Ke4 Re1+ 70. Kd5 Rf1 71. Rf5
Ra1 72. Re5 Ra5+ 73. Ke6 Ra4 74. Rf5 Ra6+ 75. Ke5 Ra5+ 76. Ke4 Ra3 77. Rd5 Ra1
78. Rg5 Re1+ 79. Kf5 Rf1 80. Kg4 Ra1 81. Rg6+ Kh7 82. Rc6 Ra4 83. Kg5 Ra1 84.
Rc7+ Kg8 85. f5 Ra5 86. Kg6 Ra8 87. h6 Kh8 88. f6 Rf8 89. Kf5 Rb8 90. Kg6 Rf8
91. Rh7+ 1-0

[Event "SR 4. liga A21 2015/2016"]
[Site "?"]
[Date "2015.10.18"]
[Round "2.6"]
[White "Vagovic, Milan"]
[Black "Kocak, Branislav"]
[Result "0-1"]
[WhiteElo "1620"]
[BlackElo "1896"]
[PlyCount "94"]
[EventDate "2015.??.??"]

1. d4 d5 2. c4 e6 3. Nc3 Nf6 4. Bg5 Nbd7 5. Nf3 Be7 6. e3 O-O 7. Bd3 b6 8. Qc2
h6 9. Bf4 Bb7 10. cxd5 exd5 11. O-O c5 12. dxc5 Nxc5 13. Bf5 Bc8 14. Ne5 Bxf5
15. Qxf5 Qc8 16. Qc2 Nce4 17. Rac1 Qb7 18. Rfd1 Rfd8 19. Qe2 Rac8 20. Nb5 Rxc1
21. Rxc1 Rc8 22. Qd1 a6 23. Nd4 Rxc1 24. Qxc1 Nh5 25. Ne2 Nxf4 26. Nxf4 Bf6 27.
Ng4 Bg5 28. Nd3 Be7 29. a3 Nc5 30. Nf4 Bg5 31. Nh3 Be7 32. Qd1 Nd7 33. f3 Nf6
34. Ngf2 Bc5 35. b4 Bxe3 36. Qd3 Bxf2+ 37. Nxf2 Qc6 38. g3 b5 39. Kg2 Qc4 40.
Qf5 d4 41. Qd3 Nd5 42. Qe4 Ne3+ 43. Kh3 Qf1+ 44. Kh4 Qxf2 45. h3 Qc2 46. Qe8+
Kh7 47. Qxf7 Qf5 0-1

[Event "SR 4. liga A21 2015/2016"]
[Site "?"]
[Date "2015.10.18"]
[Round "2.6"]
[White "Bilovsky, Milan"]
[Black "Slaba, Andrea"]
[Result "1/2-1/2"]
[WhiteElo "1904"]
[BlackElo "1651"]
[PlyCount "64"]
[EventDate "2015.??.??"]

1. e4 d6 2. d4 Nf6 3. Nc3 g6 4. f4 Bg7 5. Nf3 O-O 6. Be2 c6 7. Be3 b5 8. a3 a6
9. Qd2 Bb7 10. h3 Nbd7 11. g4 c5 12. e5 cxd4 13. Bxd4 dxe5 14. fxe5 Ne4 15.
Nxe4 Bxe4 16. e6 fxe6 17. Bxg7 Kxg7 18. Qd4+ Nf6 19. O-O-O Qc7 20. c3 Rfd8 21.
Qe3 Bd5 22. Nd4 e5 23. Nf3 Bb7 24. Ng5 Rxd1+ 25. Rxd1 Bc8 26. Nf3 e4 27. Nd4 e5
28. Nb3 Bb7 29. Nc5 Qc6 30. g5 Nd5 31. Qxe4 Qxc5 32. Qxe5+ Kg8 1/2-1/2

[Event "SR 4. liga A21 2015/2016"]
[Site "?"]
[Date "2015.10.18"]
[Round "2.6"]
[White "Pripko, Bystrik"]
[Black "Brunovsky, Peter"]
[Result "0-1"]
[WhiteElo "1683"]
[BlackElo "1852"]
[PlyCount "116"]
[EventDate "2015.??.??"]

1. e4 c6 2. d4 d5 3. e5 Bf5 4. Nf3 e6 5. Bd3 Bg4 6. O-O Ne7 7. h3 Bh5 8. Be2
Nd7 9. Nh2 Bg6 10. Bd3 c5 11. Bxg6 hxg6 12. c3 Nc6 13. Nf3 Be7 14. Nbd2 cxd4
15. cxd4 O-O 16. Nb3 Rc8 17. Bd2 a5 18. Qe1 a4 19. Na5 Qb6 20. Nxc6 Rxc6 21.
Rb1 Rfc8 22. Bc3 Qb5 23. Qe3 Nb6 24. Rfe1 Qa6 25. Rbc1 Nc4 26. Qe2 Qa8 27. g3
b5 28. b3 Na3 29. Bd2 Rc2 30. Rxc2 Rxc2 31. Rc1 Qc6 32. Rxc2 Nxc2 33. bxa4 bxa4
34. Qd3 Na3 35. Qc3 Nc4 36. h4 Qb5 37. Qc2 Ba3 38. Bc1 Be7 39. Bg5 Ba3 40. Kg2
Bb2 41. Be7 a3 42. Qd3 Nd6 43. Qc2 Nc4 44. Bc5 Kh8 45. Ng5 Qe8 46. Qe2 Bc1 47.
f4 Kg8 48. h5 Qb5 49. Kh3 Qb1 50. Qd1 Qf5+ 51. Kh2 Bxf4 52. Nxe6 fxe6 53. gxf4
Qxf4+ 54. Kh3 Qf5+ 55. Kh4 g5+ 56. Kg3 Qf4+ 57. Kh3 Qh4+ 58. Kg2 Ne3+ 0-1

[Event "SR 4. liga A21 2015/2016"]
[Site "?"]
[Date "2015.10.18"]
[Round "2.6"]
[White "Kanka, Tomas"]
[Black "Piestansky, Jan"]
[Result "0-1"]
[WhiteElo "1691"]
[BlackElo "1658"]
[PlyCount "82"]
[EventDate "2015.??.??"]

1. e4 e5 2. Nf3 d6 3. d4 exd4 4. Nxd4 h6 5. Bc4 Nf6 6. O-O Be7 7. Nc3 O-O 8.
Qf3 c6 9. a4 Nbd7 10. Bb3 Ne5 11. Qe2 Qb6 12. Be3 Neg4 13. Nf5 Qc7 14. Bf4 Bxf5
15. exf5 Rfe8 16. h3 Bf8 17. Qd2 Ne5 18. Ne2 Qd7 19. Ng3 d5 20. Rad1 Rad8 21.
Rfe1 Qc7 22. Qc3 Bd6 23. Kh1 Ned7 24. Bxd6 Qxd6 25. Qf3 Qb4 26. Re3 Rxe3 27.
Qxe3 b6 28. Rd4 Qc5 29. Qf4 Re8 30. Rd3 Ne4 31. Nxe4 Rxe4 32. Qg3 Re1+ 33. Kh2
Nf6 34. Rc3 Qd4 35. Rxc6 Ne4 36. Qh4 Qd1 37. Rc8+ Kh7 38. g4 Rh1+ 39. Kg2 Qf1+
40. Kf3 Rxh3+ 41. Qxh3 Qxh3+ 0-1

[Event "SR 4. liga A21 2015/2016"]
[Site "?"]
[Date "2015.11.08"]
[Round "3.1"]
[White "Slaby, Jozef"]
[Black "Kubis, Ivan"]
[Result "1/2-1/2"]
[WhiteElo "1808"]
[BlackElo "1957"]
[PlyCount "94"]
[EventDate "2015.??.??"]

1. Nf3 Nf6 2. c4 e6 3. g3 Be7 4. Bg2 O-O 5. O-O d5 6. cxd5 exd5 7. d4 Bf5 8.
Nc3 Re8 9. Qb3 Nc6 10. Qxb7 Na5 11. Qa6 c5 12. dxc5 Bxc5 13. e3 Nc4 14. Rd1 Bc2
15. Rxd5 Nxd5 16. Qxc4 Nxc3 17. Qxc3 Qd1+ 18. Ne1 Be4 19. b4 Bf8 20. Bb2 Qd5
21. f3 Bg6 22. e4 Qb5 23. a3 Rac8 24. Qb3 Red8 25. Bf1 Qb6+ 26. Kh1 Qf2 27. Ng2
Rc2 28. Be5 Rdc8 29. Qe3 Qxe3 30. Nxe3 Rc1 31. Rxc1 Rxc1 32. Kg2 f6 33. Bd4 a5
34. bxa5 Bxa3 35. Nd5 Bc5 36. Bxc5 Rxc5 37. a6 Ra5 38. Ne7+ Kf7 39. Nc6 Ra2+
40. Kh3 Kf8 41. Bc4 Ra1 42. g4 Be8 43. Nd4 Ke7 44. Nf5+ Kf8 45. Kg3 g6 46. Nd6
Bc6 47. h4 Ke7 1/2-1/2

[Event "SR 4. liga A21 2015/2016"]
[Site "?"]
[Date "2015.11.08"]
[Round "3.1"]
[White "Zajicek, Ferdinand"]
[Black "Vagovic, Milan"]
[Result "1/2-1/2"]
[WhiteElo "1754"]
[BlackElo "1612"]
[PlyCount "107"]
[EventDate "2015.??.??"]

1. e4 c5 2. Nf3 d6 3. Nc3 Nc6 4. d4 cxd4 5. Nxd4 Nf6 6. Be3 e6 7. a3 a6 8. Be2
Be7 9. O-O O-O 10. Qd2 Re8 11. Bf3 Ne5 12. Rad1 Nc4 13. Qc1 Nxe3 14. Qxe3 e5
15. Nde2 Be6 16. Nc1 Rc8 17. Be2 Qc7 18. h3 Red8 19. Nd3 d5 20. exd5 Nxd5 21.
Nxd5 Rxd5 22. c4 Ra5 23. Ra1 Bxc4 24. Rfc1 Qb8 25. Kh1 Bxd3 26. Bxd3 Rac5 27.
Rxc5 Rxc5 28. f4 Qc7 29. Re1 Bd6 30. fxe5 Rxe5 31. Qd2 g6 32. Rc1 Rc5 33. Rxc5
Qxc5 34. Qe2 Qc1+ 35. Qf1 Qxb2 36. Bc4 Qg7 37. a4 a5 38. g4 h6 39. Bd5 b6 40.
Kg2 g5 41. Qf2 Bc5 42. Qe2 Qf6 43. Bc4 Qc6+ 44. Qf3 Qg6 45. Bd3 Qe6 46. Qe4 Qf6
47. Qf5 Qd6 48. Qe4 Qf6 49. Qf5 Qd6 50. Qe4 Kf8 51. Qa8+ Kg7 52. Qe4 Qf6 53.
Qh7+ Kf8 54. Qf5 1/2-1/2

[Event "SR 4. liga A21 2015/2016"]
[Site "?"]
[Date "2015.11.08"]
[Round "3.1"]
[White "Slaba, Andrea"]
[Black "Kastler, Peter"]
[Result "1-0"]
[WhiteElo "1506"]
[BlackElo "1764"]
[PlyCount "141"]
[EventDate "2015.??.??"]

1. Nf3 d5 2. c4 c6 3. g3 Nf6 4. Bg2 e6 5. O-O Be7 6. d3 Nbd7 7. Nbd2 O-O 8. b3
b6 9. Bb2 Bb7 10. e4 dxe4 11. Nxe4 Qc7 12. Qc2 Rfd8 13. Rfd1 c5 14. Nxf6+ Bxf6
15. d4 cxd4 16. Bxd4 Bxd4 17. Nxd4 Bxg2 18. Kxg2 Nf6 19. Nf3 Rd7 20. Rxd7 Nxd7
21. Rd1 g6 22. Qd2 Ne5 23. Qf4 f6 24. Qxf6 Nxf3 25. Qxf3 Rf8 26. Qe2 Qc6+ 27.
f3 g5 28. Qe4 Qc8 29. Qd4 Qc6 30. Qe4 Qc8 31. Qe3 h6 32. Qd3 Qe8 33. Qd7 Qg6
34. Qd3 Qf7 35. Rf1 Qf6 36. Qe3 g4 37. f4 Rd8 38. Qe5 Qg6 39. Rf2 Rd7 40. f5
exf5 41. Qxf5 Qc6+ 42. Kg1 Rd1+ 43. Rf1 Rxf1+ 44. Qxf1 Qe4 45. h3 Qe3+ 46. Kh2
h5 47. Qg2 a5 48. Qd5+ Kg7 49. Qd7+ Kg6 50. Qd6+ Kg7 51. Qc7+ Kg6 52. Qd6+ Kg7
53. Qc7+ Kg6 54. Qc6+ Kg7 55. Qg2 Kf6 56. hxg4 hxg4 57. Qc6+ Ke5 58. Qc7+ Ke4
59. Qh7+ Kf3 60. Qf5+ Ke2 61. Qxg4+ Kd3 62. Qh3 Qe2+ 63. Qg2 Qh5+ 64. Kg1 Qc5+
65. Qf2 Qe5 66. g4 Kc3 67. Kf1 Qg5 68. Qxb6 Qc1+ 69. Kg2 Qc2+ 70. Qf2 Qe4+ 71.
Qf3+ 1-0

[Event "SR 4. liga A21 2015/2016"]
[Site "?"]
[Date "2015.11.08"]
[Round "3.1"]
[White "Papanek, Lubomir"]
[Black "Pripko, Bystrik"]
[Result "1-0"]
[WhiteElo "1655"]
[BlackElo "1683"]
[PlyCount "119"]
[EventDate "2015.??.??"]

1. e4 e5 2. Nf3 Nc6 3. Bb5 a6 4. Ba4 b5 5. Bb3 Nf6 6. O-O Bc5 7. d3 h6 8. c3 d6
9. Bc2 O-O 10. d4 exd4 11. cxd4 Bb6 12. h3 Nb4 13. Be3 Nxc2 14. Qxc2 Bb7 15.
Nbd2 Re8 16. d5 Bxe3 17. fxe3 Rc8 18. Qd3 Qe7 19. Nd4 Nxe4 20. Nf5 Qe5 21. Rf4
Nxd2 22. Nxh6+ gxh6 23. Rg4+ Kh8 24. e4 Nxe4 25. Rf1 Bxd5 26. Rh4 Kg7 27. Rg4+
Kh8 28. Rh4 h5 29. Qe3 Qg5 30. Qd4+ Re5 31. Rhf4 Nf6 32. R1f2 c5 33. Qd1 Bxg2
34. Qxd6 Re1+ 35. Rf1 Bxh3+ 36. Kf2 Qg2+ 37. Kxe1 Re8+ 38. Kd1 Qe2+ 39. Kc1
Qe3+ 40. Kb1 Ng4 41. Rd1 Bg2 42. Rxf7 Be4+ 43. Ka1 Bc2 44. Rf8+ Kg7 45. Rxe8
Qxe8 46. Rf1 c4 47. Qc7+ Kg8 48. Qf4 Bd3 49. Qg5+ Kh7 50. Rh1 Bg6 51. Qxg4 Kg7
52. Qd4+ Kh6 53. Qf4+ Kg7 54. Qf2 Qe4 55. Re1 Qf5 56. Qd4+ Kh6 57. Qh8+ Kg5 58.
Rg1+ Kh4 59. Qd4+ Qe4 60. Qf2+ 1-0

[Event "SR 4. liga A21 2015/2016"]
[Site "?"]
[Date "2015.11.08"]
[Round "3.1"]
[White "Piestansky, Jan"]
[Black "Mraz, Jan"]
[Result "0-1"]
[WhiteElo "1680"]
[BlackElo "1253"]
[PlyCount "94"]
[EventDate "2015.??.??"]

1. e4 e6 2. Nf3 g6 3. d4 Bg7 4. c3 b6 5. Bd3 Bb7 6. Be3 Ne7 7. Nbd2 d6 8. h3
Nd7 9. O-O O-O 10. Bc2 c5 11. dxc5 dxc5 12. Rb1 Nf6 13. Bg5 h6 14. Bh4 Nh5 15.
Re1 Qc7 16. Bxe7 Qxe7 17. g3 Rad8 18. Qe2 Qc7 19. Kg2 Rd7 20. Rbd1 Rfd8 21. Nf1
Bc6 22. Rxd7 Rxd7 23. Rd1 a5 24. Rd2 b5 25. Qe3 c4 26. Nd4 Nf6 27. Nxc6 Qxc6
28. f3 b4 29. cxb4 axb4 30. h4 Ne8 31. Rxd7 Qxd7 32. Qc5 c3 33. bxc3 bxc3 34.
a4 Qc7 35. Qb4 Nd6 36. a5 Nc4 37. a6 Bd4 38. Bd3 Ne3+ 39. Nxe3 Bxe3 40. Qa4 Ba7
41. Qb3 Qc5 42. Kh3 Qg1 43. Qxc3 Bf2 44. Qc8+ Kg7 45. Qc7 h5 46. Qe5+ Kh7 47.
g4 Qh1+ 0-1

[Event "SR 4. liga A21 2015/2016"]
[Site "?"]
[Date "2015.11.08"]
[Round "3.2"]
[White "Curidlo, Jan"]
[Black "Kocak, Branislav"]
[Result "0-1"]
[WhiteElo "1889"]
[BlackElo "1899"]
[PlyCount "96"]
[EventDate "2015.??.??"]

1. e4 c5 2. Nf3 d6 3. d4 cxd4 4. Nxd4 Nf6 5. Nc3 a6 6. Be2 e5 7. Nb3 Be6 8. Be3
Nbd7 9. O-O Be7 10. f4 exf4 11. Bxf4 Ne5 12. Nd4 Qd7 13. Nxe6 Qxe6 14. b3 O-O
15. Qd2 b5 16. Bd3 Rfd8 17. Rae1 Qc8 18. Ne2 Qc7 19. h3 Rac8 20. Kh1 Nfd7 21.
Nd4 Qc3 22. Qxc3 Rxc3 23. Bd2 Nxd3 24. Bxc3 Nxe1 25. Bxe1 Rc8 26. Nf5 Bf8 27.
Rf2 Re8 28. Bb4 Nc5 29. Bxc5 dxc5 30. Re2 g6 31. Ng3 Bd6 32. Nf1 f5 33. g3 fxe4
34. Kg2 c4 35. Nd2 e3 36. Nf1 Bc5 37. c3 cxb3 38. axb3 a5 39. g4 a4 40. bxa4
bxa4 41. Ng3 a3 42. Ra2 Rb8 43. Kf3 Rb2 44. Ra1 Rf2+ 45. Ke4 e2 46. Kd5 Be7 47.
c4 Bb4 48. Nxe2 Rxe2 0-1

[Event "SR 4. liga A21 2015/2016"]
[Site "?"]
[Date "2015.11.08"]
[Round "3.2"]
[White "Bilovsky, Milan"]
[Black "Bardik, Jozef"]
[Result "0-1"]
[WhiteElo "1906"]
[BlackElo "1876"]
[PlyCount "146"]
[EventDate "2015.??.??"]

1. e4 c6 2. d4 d5 3. e5 Bf5 4. Bd3 Bg6 5. f4 e6 6. Nf3 Ne7 7. Nc3 Nd7 8. Ne2
Bxd3 9. Qxd3 g6 10. O-O h5 11. b3 Nf5 12. c4 Be7 13. a4 a5 14. Bd2 Nb6 15. c5
Nd7 16. Rfc1 O-O 17. Be1 Kg7 18. Ng3 Nh6 19. Bd2 Rh8 20. Ng5 Nf8 21. Re1 h4 22.
Nf1 Bxg5 23. fxg5 Nf5 24. g4 hxg3 25. Nxg3 Nxg3 26. Qxg3 Rh5 27. Rf1 Nh7 28. h4
Qe7 29. Rf6 Qc7 30. Rf3 b6 31. Raf1 bxc5 32. dxc5 Rf8 33. Kg2 Qe7 34. Rc1 Ra8
35. Qf2 Ra7 36. Rf1 Kg8 37. Qd4 Nf8 38. Kg3 Rh7 39. Kg4 Nd7 40. Rc1 Qd8 41. Be1
Qb8 42. Re3 Rb7 43. Rb1 Qa7 44. Ra1 Qa6 45. Qf4 Qa7 46. Qd4 Kg7 47. Rf3 Qb8 48.
Re3 Rxb3 49. Bxa5 Rxe3 50. Qxe3 Nxe5+ 51. Kh3 Nd7 52. Be1 e5 53. Qd3 Qe8 54.
Bg3 Qe6+ 55. Kh2 Rh8 56. Re1 Re8 57. Qe2 Kg8 58. a5 Qe7 59. Rc1 e4 60. a6 Ne5
61. Rb1 Nf3+ 62. Kg2 Qa7 63. Rb6 Qd7 64. Qf2 Qg4 65. a7 Nxh4+ 66. Kh2 Nf3+ 67.
Kg2 Nh4+ 68. Kh2 Nf3+ 69. Kg2 Rf8 70. Rb8 Nh4+ 71. Kf1 Qd1+ 72. Qe1 Qf3+ 73.
Bf2 Qh1+ 0-1